| 000 | 00877nam a2200253 a 4500 | ||
|---|---|---|---|
| 001 | 000004224 | ||
| 005 | 20240410183719.0 | ||
| 008 | 730423s1980 mx d 000 0 spa | ||
| 020 | _a9681309669 | ||
| 040 |
_aDO-SdBNP _bspa _cBNPHU |
||
| 041 | 1 | 7 | _aspa |
| 082 |
_a616.024 _bD367l |
||
| 100 | 1 |
_aDelvin, David G. _912478 |
|
| 240 | 1 | 4 |
_aThe home doctor. A family reference book. _lEspañol |
| 245 | 1 | 3 |
_aLibro de información médica para la familia / _cDavid G. Delvin; traducción, María Ortiz. |
| 246 | 1 | 3 | _aEl doctor del hogar, libro de información médica para la familia. |
| 260 |
_aMéxico : _bDiana, _c1980. |
||
| 300 |
_a254 p. ; _c21 cm. |
||
| 534 |
_aTítulo original: _tThe home doctor. A family reference book. |
||
| 650 | 4 |
_aMedicina doméstica _912479 |
|
| 650 | 4 |
_aMedicina popular _912480 |
|
| 650 | 0 |
_aMedicina _912481 |
|
| 700 | 1 |
_aOrtiz, María, _912482 |
|
| 999 |
_c4038 _d4038 |
||